Peabody Museum of American Archaeology and Ethnology, Harvard University (Record no. 9225)

MARC details
000 -CABECERA
campo de control de longitud fija 00936nam a2200253 a 4500
001 - NÚMERO DE CONTROL
campo de control BRL_412
005 - FECHA Y HORA DE LA ÚLTIMA TRANSACCIÓN
campo de control 20190320210730.0
008 - DATOS DE LONGITUD FIJA--INFORMACIÓN GENERAL
campo de control de longitud fija 070813d19041947u--a######---#000-0#eng-#
041 ## - CÓDIGO DE LENGUA
Código de lengua del texto/banda sonora o título independiente eng
044 ## - CÓDIGO DEL PAÍS DE LA ENTIDAD EDITORA/PRODUCTORA
Código MARC del país u
050 #4 - SIGNATURA TOPOGRÁFICA DE LA BIBLIOTECA DEL CONGRESO
Número de clasificación E51
Número de documento/Ítem .P43 1904-1947
245 10 - MENCIÓN DE TÍTULO
Título Peabody Museum of American Archaeology and Ethnology, Harvard University
260 ## - PUBLICACIÓN, DISTRIBUCIÓN, ETC.
Lugar de publicación, distribución, etc. Cambridge, Massachusetts
Nombre del editor, distribuidor, etc. Museum of American Archaeology and Ethnology
Fecha de publicación, distribución, etc. 1904-1947
300 ## - DESCRIPCIÓN FÍSICA
Extensión v.
Otras características físicas il.
Dimensiones 28 cm.
500 ## - NOTA GENERAL
Nota general v.4 Au451, v.10 Au210, v.10 ej.2 2372, v.27 Au422
500 ## - NOTA GENERAL
Nota general La bibloteca cuenta solo con los volumenes 4,10,27.
500 ## - NOTA GENERAL
Nota general Estado físico: encuadernado, enero 2013
505 0# - NOTA DE CONTENIDO CON FORMATO
Nota de contenido con formato Contenido: v.4 Papers - v.10 Indian tribes of eastern Peru / by William Curtis Farabee - v.27 Papers.
650 14 - PUNTO DE ACCESO ADICIONAL DE MATERIA--TÉRMINO DE MATERIA
Término de materia o nombre geográfico como elemento de entrada Arqueología
Subdivisión geográfica América
9 (RLIN) 23840
650 14 - PUNTO DE ACCESO ADICIONAL DE MATERIA--TÉRMINO DE MATERIA
Término de materia o nombre geográfico como elemento de entrada Etnología
Subdivisión geográfica América
9 (RLIN) 23841
651 #4 - PUNTO DE ACCESO ADICIONAL DE MATERIA--NOMBRE GEOGRÁFICO
Nombre geográfico América
Subdivisión general Antigüedades
9 (RLIN) 9854
902 ## - CATALOGADOR
Iniciales GRL
942 ## - ELEMENTOS DE PUNTO DE ACCESO ADICIONAL (KOHA)
Fuente del sistema de clasificación o colocación Library of Congress Classification
Tipo de ítem Koha Libros
Holdings
Estado de retiro Estado de pérdida Estado dañado No para préstamo Localización permanente Ubicación/localización actual Fecha de adquisición Total de préstamos Signatura topográfica completa Código de barras Fecha visto por última vez Precio válido a partir de Tipo de ítem Koha
El ejemplar forma parte de la colección y puede ser consultado según las políticas vigentes.       Biblioteca Centro de Estudios Ruth D. Lechuga Biblioteca Centro de Estudios Ruth D. Lechuga 25/09/2015   E51 .P43 1904-1947 GRL00984 22/03/2019 22/03/2019 Libros
El ejemplar forma parte de la colección y puede ser consultado según las políticas vigentes.       Biblioteca Centro de Estudios Ruth D. Lechuga Biblioteca Centro de Estudios Ruth D. Lechuga 25/09/2015   E51 .P43 1904-1947 GRL00985 22/03/2019 22/03/2019 Libros
El ejemplar forma parte de la colección y puede ser consultado según las políticas vigentes.       Biblioteca Centro de Estudios Ruth D. Lechuga Biblioteca Centro de Estudios Ruth D. Lechuga 25/09/2015   E51 .P43 1904-1947 GRL00986 22/03/2019 22/03/2019 Libros
El ejemplar forma parte de la colección y puede ser consultado según las políticas vigentes.       Biblioteca Centro de Estudios Ruth D. Lechuga Biblioteca Centro de Estudios Ruth D. Lechuga 07/08/2013   E51 .P43 1904-1947 GRL00979 22/03/2019 22/03/2019 Libros